| 000 | 00955cas a22002175a 4500 | ||
|---|---|---|---|
| 001 | L143542 | ||
| 008 | 080516c2003 xxkar wssss 0 a0eng u | ||
| 035 | _a(Sirsi) u143542 | ||
| 041 | 0 | _aeng | |
| 110 | 2 |
_aRoyal Institution of Chartered Surveyors _94900 |
|
| 245 | 0 | 0 |
_aEuropean housing review _h[electronic resource] |
| 260 |
_aLondon _bRICS _c2002- |
||
| 362 | 0 | _a2002- | |
| 490 | 0 | _aEuropean Housing Review | |
| 520 | _aExamines the performance of the housing market across Europe, and focuses on 18 European countries during the previous calendar year. Includes analysis of inflation impact, mortgage markets, building activity and turnover. Graphs, charts and statistics. | ||
| 554 | _aAnnual | ||
| 651 | 4 | _aEurope | |
| 690 | _aPROPERTY-RESIDENTIAL PROPERTY-RESIDENTIAL PROPERTY MARKET | ||
| 856 | 4 | 0 |
_uhttps://www.joinricsineurope.eu/uploads/files/EHRfullreport.pdf _zView the Series free of charge on the www.rics.org website. |
| 942 | _n0 | ||
| 999 |
_c119182 _d119182 |
||